[Event "San Jose Goicoechea 2nd"]
[Site "San Jose"]
[Date "2014.12.06"]
[Round "7"]
[White "Gonzalez Acosta, Bernal Manuel"]
[Black "Jimenez, Alonso"]
[Result "1-0"]
[WhiteElo "2489"]
[BlackElo "2151"]
[PlyCount "43"]
[EventDate "2014.11.28"]
[EventType "tourn"]
[EventRounds "10"]
[EventCountry "CRI"]
[SourceTitle "EXT 2016"]
[Source "ChessBase"]
[SourceDate "2015.10.08"]
[SourceVersion "1"]
[SourceVersionDate "2015.10.08"]
[SourceQuality "1"]

1. d4 d5 2. c4 c6 3. Nf3 Nf6 4. e3 a6 5. Bd3 b5 6. b3 e6 7. 0-0 Bd6 8. Nbd2 0-0 9. Bb2 Nbd7 10. Qc2 Ra7 11. Ne5 Bb7 12. c5 Bb8 13. f4 h6 14. h3 Ne8 15. g4 Ba8 16. Kg2 Nxe5 17. dxe5 f6 18. Nf3 fxe5 19. Bh7+ Kh8 20. Nxe5 Bxe5 21. fxe5 Qh4 22. Bg6 1-0

[Event "San Jose Goicoechea 2nd"]
[Site "San Jose"]
[Date "2014.12.05"]
[Round "6"]
[White "Jimenez, Alonso"]
[Black "Castro Madrigal, Randall"]
[Result "1-0"]
[WhiteElo "2151"]
[BlackElo "2126"]
[PlyCount "49"]
[EventDate "2014.11.28"]
[EventType "tourn"]
[EventRounds "10"]
[EventCountry "CRI"]
[SourceTitle "EXT 2016"]
[Source "ChessBase"]
[SourceDate "2015.10.08"]
[SourceVersion "1"]
[SourceVersionDate "2015.10.08"]
[SourceQuality "1"]

1. e4 d6 2. d4 Nf6 3. Bd3 g6 4. f3 Bg7 5. Be3 0-0 6. Qd2 e5 7. d5 c6 8. c4 Re8 9. Nc3 Na6 10. Nge2 Qa5 11. g4 cxd5 12. cxd5 Nb4 13. h4 Nxd3+ 14. Qxd3 a6 15. h5 b5 16. hxg6 hxg6 17. Kf2 b4 18. Nd1 Bd7 19. Qd2 Rac8 20. Bh6 Bh8 21. Qg5 Rc2 22. Qh4 Bb5 23. Bg5 Rxe2+ 24. Kg3 Bg7 25. Bxf6 1-0

[Event "San Jose Goicoechea 2nd"]
[Site "San Jose"]
[Date "2014.11.30"]
[Round "5"]
[White "Arias Santana, Mauricio"]
[Black "Jimenez, Alonso"]
[Result "1-0"]
[WhiteElo "2311"]
[BlackElo "2151"]
[PlyCount "87"]
[EventDate "2014.11.28"]
[EventType "tourn"]
[EventRounds "10"]
[EventCountry "CRI"]
[SourceTitle "EXT 2016"]
[Source "ChessBase"]
[SourceDate "2015.10.08"]
[SourceVersion "1"]
[SourceVersionDate "2015.10.08"]
[SourceQuality "1"]

1. e4 c5 2. Nf3 Nc6 3. d4 cxd4 4. Nxd4 g6 5. c4 Bg7 6. Nc2 Nf6 7. Nc3 0-0 8. Be2 d6 9. 0-0 Be6 10. Be3 a6 11. Qd2 Rb8 12. Rad1 Re8 13. f4 b5 14. cxb5 axb5 15. b4 Qc8 16. Rc1 Qb7 17. Kh1 Rec8 18. a3 Nd8 19. Nd4 Bd7 20. e5 dxe5 21. fxe5 Ng4 22. Bf3 Qa6 23. Nd5 Nxe3 24. Qxe3 Bf8 25. Rcd1 Ne6 26. Bg4 Rd8 27. Bxe6 Bxe6 28. Nc7 Qb6 29. Ncxe6 fxe6 30. Qf4 Kh8 31. Nb3 Bg7 32. Nc5 Rf8 33. Qg4 Rxf1+ 34. Rxf1 Ra8 35. Nxe6 Qe3 36. Nxg7 Kxg7 37. Qe6 Rxa3 38. Qf7+ Kh6 39. Qf8+ Kh5 40. h3 Qxe5 41. g4+ Kg5 42. h4+ Kxg4 43. Rg1+ Kh5 44. Rg5+ 1-0

[Event "San Jose Goicoechea 2nd"]
[Site "San Jose"]
[Date "2014.11.30"]
[Round "4"]
[White "Jimenez, Alonso"]
[Black "Carvajal Gorgona, Jonathan G"]
[Result "1/2-1/2"]
[WhiteElo "2151"]
[BlackElo "2183"]
[PlyCount "33"]
[EventDate "2014.11.28"]
[EventType "tourn"]
[EventRounds "10"]
[EventCountry "CRI"]
[SourceTitle "EXT 2016"]
[Source "ChessBase"]
[SourceDate "2015.10.08"]
[SourceVersion "1"]
[SourceVersionDate "2015.10.08"]
[SourceQuality "1"]

1. e4 e6 2. d4 d5 3. exd5 exd5 4. Nf3 Nc6 5. Bb5 Bd6 6. c4 dxc4 7. d5 a6 8. Ba4 b5 9. dxc6 bxa4 10. 0-0 Ne7 11. Qxa4 0-0 12. Nbd2 Rb8 13. a3 Qe8 14. Nxc4 Qxc6 15. Qxc6 Nxc6 16. Nxd6 cxd6 17. b4 1/2-1/2

[Event "San Jose Goicoechea 2nd"]
[Site "San Jose"]
[Date "2014.11.29"]
[Round "3"]
[White "Gonzalez Acosta, Jaime Roy"]
[Black "Jimenez, Alonso"]
[Result "1/2-1/2"]
[WhiteElo "2070"]
[BlackElo "2151"]
[PlyCount "36"]
[EventDate "2014.11.28"]
[EventType "tourn"]
[EventRounds "10"]
[EventCountry "CRI"]
[SourceTitle "EXT 2016"]
[Source "ChessBase"]
[SourceDate "2015.10.08"]
[SourceVersion "1"]
[SourceVersionDate "2015.10.08"]
[SourceQuality "1"]

1. d4 d5 2. c4 e6 3. Nc3 Nf6 4. cxd5 exd5 5. Nf3 Be7 6. Bf4 0-0 7. e3 Bf5 8. Bd3 Bxd3 9. Qxd3 c6 10. 0-0 Nbd7 11. Rfe1 Re8 12. Rad1 Qb6 13. Re2 Rad8 14. Ne5 a6 15. Na4 Qb4 16. b3 Bd6 17. Nxd7 Rxd7 18. Bxd6 Rxd6 1/2-1/2

[Event "San Jose Goicoechea 2nd"]
[Site "San Jose"]
[Date "2014.11.29"]
[Round "2"]
[White "Jimenez, Alonso"]
[Black "Gonzalez Acosta, Bernal Manuel"]
[Result "0-1"]
[WhiteElo "2151"]
[BlackElo "2489"]
[PlyCount "66"]
[EventDate "2014.11.28"]
[EventType "tourn"]
[EventRounds "10"]
[EventCountry "CRI"]
[SourceTitle "EXT 2016"]
[Source "ChessBase"]
[SourceDate "2015.10.08"]
[SourceVersion "1"]
[SourceVersionDate "2015.10.08"]
[SourceQuality "1"]

1. e4 c5 2. c3 d5 3. exd5 Qxd5 4. Nf3 Nc6 5. d4 cxd4 6. cxd4 Bg4 7. Be2 e6 8. Nc3 Qa5 9. 0-0 Nf6 10. Qb3 Qb4 11. Qxb4 Bxb4 12. Rd1 0-0 13. d5 exd5 14. Nxd5 Nxd5 15. Rxd5 Be6 16. Rd1 Rfd8 17. Be3 Rxd1+ 18. Bxd1 Be7 19. a3 Bf6 20. Ba4 Rc8 21. Bxc6 Rxc6 22. Nd4 Rc4 23. Nxe6 fxe6 24. Rc1 Rxc1+ 25. Bxc1 Kf7 26. Kf1 Ke7 27. Ke2 Kd6 28. g3 Kc5 29. Be3+ Kb5 30. Bxa7 Bxb2 31. Kd2 Bxa3 32. Bd4 g6 33. Kc2 Bc5 0-1

[Event "San Jose Goicoechea 2nd"]
[Site "San Jose"]
[Date "2014.11.28"]
[Round "1"]
[White "Castro Madrigal, Randall"]
[Black "Jimenez, Alonso"]
[Result "0-1"]
[WhiteElo "2126"]
[BlackElo "2151"]
[PlyCount "53"]
[EventDate "2014.11.28"]
[EventType "tourn"]
[EventRounds "10"]
[EventCountry "CRI"]
[SourceTitle "EXT 2016"]
[Source "ChessBase"]
[SourceDate "2015.10.08"]
[SourceVersion "1"]
[SourceVersionDate "2015.10.08"]
[SourceQuality "1"]

1. Nf3 d5 2. c4 c6 3. b3 Nf6 4. Bb2 Bg4 5. Ne5 Bh5 6. g3 e6 7. Bg2 Bd6 8. 0-0 Qc7 9. d4 0-0 10. Nd2 Nbd7 11. Ndf3 Rfd8 12. cxd5 cxd5 13. Rc1 Qb6 14. e3 Rac8 15. Nxd7 Nxd7 16. Qd3 Qa5 17. a4 Bg6 18. Qd2 Bb4 19. Qe2 h6 20. Nh4 Bh7 21. Rxc8 Rxc8 22. Rc1 Rxc1+ 23. Bxc1 Qc7 24. Bb2 Qc2 25. Qb5 Bd3 26. Be4 Qd1+ 27. Kg2 0-1

[Event "CRI-chT"]
[Site "San Jose"]
[Date "2012.07.29"]
[Round "9.1"]
[White "Jimenez, Alonso"]
[Black "Fonseca Cabrera, Ernesto Gregorio"]
[Result "1/2-1/2"]
[WhiteElo "2137"]
[BlackElo "2211"]
[PlyCount "151"]
[EventDate "2012.07.22"]
[EventType "team-tourn"]
[EventRounds "9"]
[EventCountry "CRI"]
[SourceTitle "EXT 2013"]
[Source "ChessBase"]
[SourceDate "2012.11.22"]
[SourceVersion "1"]
[SourceVersionDate "2012.11.22"]
[SourceQuality "1"]
[WhiteTeam "Goicoechea"]
[BlackTeam "Construterra"]
[WhiteTeamCountry "CRI"]
[BlackTeamCountry "CRI"]

1. e4 e6 2. d4 d5 3. Nd2 dxe4 4. Nxe4 Nd7 5. Nf3 Ngf6 6. Bd3 Nxe4 7. Bxe4 Nf6 8. Bg5 Qd6 9. Bxf6 gxf6 10. Qe2 Bd7 11. 0-0-0 0-0-0 12. g3 f5 13. Bd3 Bc6 14. Kb1 Bxf3 15. Qxf3 Bg7 16. c3 Rd7 17. Bc2 c6 18. g4 fxg4 19. Qxg4 Bh6 20. h3 Qf4 21. f3 Kc7 22. Rhg1 Qxg4 23. Rxg4 Bf8 24. Rdg1 Bd6 25. Rg8 Rxg8 26. Rxg8 h6 27. Bd3 Bf4 28. Rg4 Bd6 29. Kc2 Kd8 30. Kd2 c5 31. dxc5 Bxc5 32. Rg8+ Kc7 33. Rh8 Be7 34. Ke2 Bg5 35. h4 Bxh4 36. Rxh6 Bg5 37. Rh5 f6 38. Rh8 Rd8 39. Rh7+ Rd7 40. Rh1 Rd5 41. c4 Rd7 42. Rh8 Rd8 43. Rxd8 Kxd8 44. Be4 Kc7 45. Bg6 a5 46. Kd3 Kd6 47. Bf7 Bc1 48. Kc2 Be3 49. Kb3 Bd2 50. Ka4 Kc5 51. Bxe6 b6 52. a3 Be1 53. Kb3 b5 54. cxb5 Kxb5 55. Kc2 Kc5 56. Kd3 Bg3 57. Kc3 Be1+ 58. Kd3 Bg3 59. Bf7 Be5 60. Kc2 Bg3 61. Kd3 Be5 62. b4+ axb4 63. a4 Kb6 64. Ke4 Ka5 65. Bb3 Bc3 66. f4 Bb2 67. Kd5 Bc1 68. Ke4 Bb2 69. Kd5 Bc1 70. f5 Bb2 71. Kd6 Ka6 72. Kc6 Ka7 73. Kb5 Be5 74. Kxb4 Bf4 75. Kb5 Bg3 76. a5 1/2-1/2

[Event "CRI-chT"]
[Site "San Jose"]
[Date "2012.07.22"]
[Round "2.1"]
[White "Ruiz Blais, Sebastian"]
[Black "Jimenez, Alonso"]
[Result "0-1"]
[WhiteElo "2195"]
[BlackElo "2137"]
[PlyCount "90"]
[EventDate "2012.07.22"]
[EventType "team-tourn"]
[EventRounds "9"]
[EventCountry "CRI"]
[SourceTitle "EXT 2013"]
[Source "ChessBase"]
[SourceDate "2012.11.22"]
[SourceVersion "1"]
[SourceVersionDate "2012.11.22"]
[SourceQuality "1"]
[WhiteTeam "Cartago Las Brumas"]
[BlackTeam "Goicoechea"]
[WhiteTeamCountry "CRI"]
[BlackTeamCountry "CRI"]

1. e4 c5 2. Nf3 Nc6 3. d4 cxd4 4. Nxd4 g6 5. Nc3 Bg7 6. Be3 Nf6 7. Bc4 Qa5 8. 0-0 0-0 9. Nb3 Qc7 10. Re1 d6 11. Bf1 b6 12. h3 Bb7 13. Bg5 Na5 14. Nxa5 bxa5 15. Nd5 Bxd5 16. exd5 Rab8 17. Rb1 Rb7 18. c4 Rfb8 19. Qd2 Kf8 20. Bh6 a4 21. Bd3 Bxh6 22. Qxh6+ Kg8 23. Re2 Qd8 24. g4 Nd7 25. Qe3 Nc5 26. h4 e5 27. dxe6 Qxh4 28. exf7+ Rxf7 29. f3 Qg3+ 30. Rg2 Qxf3 31. Qxf3 Rxf3 32. Bc2 a5 33. Kh2 Rb4 34. Bd1 Rf1 35. Rd2 Rxc4 36. Be2 Rxb1 37. Bxc4+ Kg7 38. g5 Ne4 39. Rg2 Rd1 40. Rg4 Rd2+ 41. Kg1 d5 42. Bxd5 Rxd5 43. Rxe4 Rxg5+ 44. Kf2 a3 45. bxa3 h5 0-1

[Event "CRI-ch Phase1 72nd"]
[Site "Moravia"]
[Date "2008.05.21"]
[Round "5"]
[White "Needham, Bryan"]
[Black "Jimenez, Alonso"]
[Result "1/2-1/2"]
[WhiteElo "2047"]
[BlackElo "2110"]
[PlyCount "94"]
[EventDate "2008.05.17"]
[EventType "swiss"]
[EventRounds "9"]
[EventCountry "CRI"]
[SourceTitle "EXT 2009"]
[Source "ChessBase"]
[SourceDate "2008.11.26"]
[SourceVersion "1"]
[SourceVersionDate "2008.11.26"]
[SourceQuality "1"]

1. d4 Nf6 2. Bg5 Ne4 3. Bf4 c5 4. f3 Qa5+ 5. c3 Nf6 6. d5 Qb6 7. Bc1 e6 8. e4 exd5 9. exd5 d6 10. c4 Qc7 11. Nc3 a6 12. a4 Be7 13. Bd3 0-0 14. Nge2 Nbd7 15. 0-0 Ne5 16. Ng3 Nxd3 17. Qxd3 Rb8 18. Re1 Re8 19. Bg5 Qd8 20. Qd2 h6 21. Bf4 Bf8 22. Rxe8 Nxe8 23. Nge4 Bd7 24. g4 b5 25. axb5 axb5 26. cxb5 Bxb5 27. Nxb5 Rxb5 28. Nc3 Rb4 29. Bg3 Qb8 30. Ra2 Nf6 31. Bf2 Nd7 32. Qe2 Ne5 33. Nd1 c4 34. Bd4 Nd3 35. Ra3 Qb7 36. Qe4 Rb5 37. Ne3 Nxb2 38. Qe8 Qb8 39. Qc6 Rb7 40. Bxb2 Rxb2 41. Ra8 Rb1+ 42. Kg2 Qb2+ 43. Kh3 Qf2 44. Rxf8+ Kxf8 45. Qc8+ Ke7 46. Qc7+ Ke8 47. Qc6+ Kf8 1/2-1/2

[Event "CRI-ch Phase1 72nd"]
[Site "Moravia"]
[Date "2008.05.20"]
[Round "4"]
[White "Jimenez, Alonso"]
[Black "Rodriguez Chaverri, David"]
[Result "1/2-1/2"]
[WhiteElo "2110"]
[BlackElo "1998"]
[PlyCount "89"]
[EventDate "2008.05.17"]
[EventType "swiss"]
[EventRounds "9"]
[EventCountry "CRI"]
[SourceTitle "EXT 2009"]
[Source "ChessBase"]
[SourceDate "2008.11.26"]
[SourceVersion "1"]
[SourceVersionDate "2008.11.26"]
[SourceQuality "1"]

1. e4 c5 2. c3 d5 3. exd5 Qxd5 4. d4 Nc6 5. Nf3 Bg4 6. Be2 cxd4 7. cxd4 e6 8. 0-0 Nf6 9. Nc3 Qa5 10. a3 Be7 11. Be3 Rd8 12. h3 Bh5 13. b4 Qc7 14. Rc1 Qb8 15. Qa4 a6 16. g4 Bg6 17. Bxa6 0-0 18. Be2 Bd6 19. Nh4 Bh2+ 20. Kg2 Bf4 21. Nxg6 hxg6 22. Rcd1 Ne7 23. Bf3 g5 24. Qb5 Nfd5 25. Nxd5 Nxd5 26. Bxd5 Rxd5 27. Qe2 b5 28. Rc1 Qa8 29. Bxf4 Rxd4+ 30. Qf3 Rxf4 31. Qxa8 Rxa8 32. Rc3 Kh7 33. Rd1 Ra7 34. Rdd3 Kg6 35. Rc5 Rb7 36. Kg3 Re4 37. h4 gxh4+ 38. Kxh4 Re1 39. Kg3 Ra1 40. f4 Ra7 41. Rcc3 Rg1+ 42. Kf3 Rf1+ 43. Ke3 Rg1 44. Kf3 Rf1+ 45. Kg3 1/2-1/2